000 00437nam a2200145Ia 4500
008 100122s9999 xx 000 0 und d
082 _b19060
_a823
100 _aदेवकुळे ज ग
245 _aतारकेची साक्ष
260 _bसुरेश राऊत
_c1972
300 _a100
630 _aतारकेची साक्ष
730 _aतारकेची साक्ष
942 _cBOOK
999 _c408210
_d408207